[Event "Blackpool Open"]
[Site "Blackpool"]
[Date "2025.02.09"]
[Round "4.10"]
[White "Ashworth, Michael J"]
[Black "Crawford, Owen"]
[Result "1-0"]
[WhiteElo "2001"]
[BlackElo "2111"]
[PlyCount "110"]
[EventDate "2025.02.07"]
[EventRounds "5"]
[EventCountry "ENG"]
[SourceTitle "BritBase"]
[Source "John Saunders"]
[SourceDate "2025.02.25"]
[SourceVersion "1"]
[SourceVersionDate "2025.02.25"]
[SourceQuality "1"]

1. d4 {86} Nf6 {13} 2. Nf3 {32} g6 {11} 3. b4 {35} d5 {386} 4. Bb2 {110} e6 {677} 5. a3 {394} Bg7 {216} 6. e3 {107} O-O {225} 7. c4 {135} b6 {328} 8. Nbd2 {451} Nbd7 {1195} 9. b5 {531} Bb7 {100} 10. Be2 {518} c5 {32} 11. bxc6 {87} Bxc6 {6} 12. O-O {18} Bb7 {744} 13. Qb3 {708} a5 {377} 14. a4 {232} Ba6 {44} 15. Rfc1 {88} Qb8 {144} 16. Bf1 {502} Rc8 {327} 17. cxd5 {554} Rxc1 {36} 18. Rxc1 {23} exd5 {11} 19. Bxa6 {388} Rxa6 {8} 20. Qb5 {24} Ra8 {108} 21. Rc6 {294} Qf8 {464} 22. Qb3 {521} Qb4 {138} 23. Ba3 {66} Qxb3 {9} 24. Nxb3 {1} Bf8 {226} 25. Bxf8 {441} Kxf8 {2} 26. Kf1 {60} Rb8 {534} 27. Nfd2 {45} Ke7 {228} 28. Ke2 {20} Ne8 {45} 29. f3 {187} f5 {2} 30. Kd3 {22} Nd6 {3} 31. Rc1 {21} b5 {43} 32. Nxa5 {9} Ra8 {15} 33. Nc6+ {9} Ke6 {46} 34. axb5 {4} Nxb5 {9} 35. Nb4 {27} Ra3+ {9} 36. Ke2 {23} Nc3+ {16} 37. Kf2 {15} Nf6 {33} 38. Nb1 {27} Rb3 {51} 39. Nxc3 {26} Rxb4 {3} 40. Rb1 {5} Rc4 {30} 41. Rb6+ {4} Ke7 {22} 42. Rb3 {46} Kd7 {36} 43. Ke2 {9} Rc7 {35} 44. Kd3 {7} Ra7 {75} 45. Rb6 Ke7 {4} 46. Rb1 {49} Rc7 {10} 47. Rb5 {22} Rd7 {17} 48. e4 {22} fxe4+ {9} 49. fxe4 {1} dxe4+ {40} 50. Nxe4 {2} Nd5 {23} 51. g3 {23} h6 {9} 52. Nc5 {6} Ra7 {4} 53. Rb7+ {10} Rxb7 {2} 54. Nxb7 Nf6 {10} 55. Nc5 {16} g5 {29} 1-0

[Event "Blackpool Open"]
[Site "Blackpool"]
[Date "2025.02.09"]
[Round "4.11"]
[White "Kee, Steve"]
[Black "Hood, Simon W"]
[Result "1-0"]
[WhiteElo "1973"]
[BlackElo "2072"]
[PlyCount "113"]
[EventDate "2025.02.07"]
[EventRounds "5"]
[EventCountry "ENG"]
[SourceTitle "BritBase"]
[Source "John Saunders"]
[SourceDate "2025.02.25"]
[SourceVersion "1"]
[SourceVersionDate "2025.02.25"]
[SourceQuality "1"]

1. c4 {397} c5 {64} 2. Nc3 {10} Nc6 {62} 3. g3 {8} Nf6 {72} 4. Bg2 {12} g6 {20} 5. e4 {13} d6 {34} 6. Nge2 {8} Bg7 {11} 7. d3 {27} O-O {20} 8. O-O {189} Ne8 {113} 9. Rb1 {120} a5 {347} 10. a3 {63} Nc7 {207} 11. f4 {126} f5 {70} 12. Nb5 {143} Nxb5 {135} 13. cxb5 {9} Nd4 {12} 14. Be3 {346} Nxe2+ {497} 15. Qxe2 {45} a4 {44} 16. exf5 {238} gxf5 {26} 17. d4 {239} cxd4 {298} 18. Qc4+ {31} e6 {631} 19. Bxd4 {31} d5 {17} 20. Qd3 {71} Bd7 {239} 21. Bxg7 {47} Kxg7 {12} 22. Qd4+ {184} Kg8 {335} 23. Rfe1 {46} Qf6 {464} 24. Qb6 {952} Qd8 {675} 25. Qe3 {84} Ra5 {129} 26. Bf1 {102} Re8 {416} 27. b4 {87} axb3 {40} 28. Rxb3 {11} Ra4 {60} 29. Bd3 {333} Qa5 {119} 30. Kf2 {773} Rxa3 {139} 31. Rxa3 {56} Qxa3 {2} 32. g4 {34} Qe7 {306} 33. Rg1 {450} Qh4+ {61} 34. Kf1 {20} fxg4 {134} 35. h3 {162} h5 {198} 36. hxg4 {33} hxg4 {11} 37. Qf3 {119} Kf8 {259} 38. Rxg4 {21} Qf6 {10} 39. Rg6 {351} Qa1+ {107} 40. Kg2 {21} Qb2+ {75} 41. Kg3 {20} Ke7 {65} 42. Qe3 {264} Qc3 {46} 43. f5 {98} Kd8 {90} 44. f6 {133} Rf8 {114} 45. Qf3 {100} Be8 {60} 46. Rh6 {50} Rg8+ {45} 47. Kh3 {30} Qd2 {58} 48. Rh4 {32} Bf7 {21} 49. Be2 {109} e5 {24} 50. Rh7 {55} Be6+ {8} 51. Kh2 {16} Qe1 {15} 52. Bf1 {33} Qe4 {58} 53. Qxe4 {21} dxe4 {1} 54. Rxb7 {19} Kc8 {15} 55. Re7 {11} Bd5 {11} 56. f7 {22} Rh8+ {1} 57. Bh3+ {29} 1-0

[Event "Blackpool Open"]
[Site "Blackpool"]
[Date "2025.02.09"]
[Round "4.12"]
[White "Doran, Chris"]
[Black "Surtees, Mike J"]
[Result "1/2-1/2"]
[WhiteElo "1956"]
[BlackElo "2083"]
[PlyCount "107"]
[EventDate "2025.02.07"]
[EventRounds "5"]
[EventCountry "ENG"]
[SourceTitle "BritBase"]
[Source "John Saunders"]
[SourceDate "2025.02.25"]
[SourceVersion "1"]
[SourceVersionDate "2025.02.25"]
[SourceQuality "1"]

1. e4 {2} g6 {9} 2. d4 {6} Bg7 {5} 3. Nc3 {11} d6 {10} 4. Be3 {27} a6 {42} 5. Qd2 {81} e6 {241} 6. O-O-O {86} b5 {218} 7. h4 {128} h6 {248} 8. f3 {248} Ne7 {134} 9. Kb1 {189} Nd7 {36} 10. Nh3 {1099} Nb6 {91} 11. b3 {381} Bd7 {474} 12. g4 {383} Qb8 {399} 13. Bd3 {304} Nc6 {1126} 14. Ne2 {213} d5 {339} 15. h5 {353} g5 {78} 16. Bxg5 {91} hxg5 {364} 17. Qxg5 {2} Kf8 {52} 18. Qf4 {585} e5 {386} 19. dxe5 {227} Bxe5 {21} 20. Qd2 {49} Bg7 {419} 21. Nhf4 {169} Ne5 {386} 22. Qb4+ {329} Ke8 {412} 23. Nxd5 {62} Nxd5 {36} 24. exd5 {6} Qb6 {121} 25. Qe4 {246} Kd8 {119} 26. g5 {249} Nxd3 {317} 27. Qxd3 {139} Re8 {199} 28. h6 {159} Bh8 {15} 29. Nd4 {133} Qxd4 {69} 30. Qxd4 {2} Bxd4 {9} 31. Rxd4 {2} Bf5 {66} 32. Rh2 {183} Kd7 {29} 33. Rf4 {115} Re5 {75} 34. Rd2 {100} Rg8 {24} 35. Rh4 {58} Kd6 {42} 36. f4 {230} Rxd5 {23} 37. h7 {7} Rh8 {103} 38. Rh6+ {5} Bg6 {57} 39. f5 {56} Rxd2 {28} 40. fxg6 {6} fxg6 {25} 41. Rxg6+ {2} Ke5 {44} 42. Rg7 {2} Rg2 {32} 43. g6 {13} Rxg6 {91} 44. Rxg6 {10} Rxh7 45. Rxa6 {9} Kd5 {4} 46. Kb2 {31} Kc5 {9} 47. a4 {26} bxa4 {12} 48. Rxa4 {3} Kb6 {7} 49. Rg4 {11} Rh5 {9} 50. b4 {37} c5 {20} 51. bxc5+ {13} Kxc5 {5} 52. Ra4 {12} Kb5 {5} 53. Rg4 {2} Rf5 {8} 54. Rh4 {4} 1/2-1/2

[Event "Blackpool Open"]
[Site "Blackpool"]
[Date "2025.02.09"]
[Round "5.1"]
[White "Hamer, Martyn"]
[Black "Mahadevan, Siva"]
[Result "0-1"]
[WhiteElo "2053"]
[BlackElo "2365"]
[PlyCount "69"]
[EventDate "2025.02.07"]
[EventRounds "5"]
[EventCountry "ENG"]
[SourceTitle "BritBase"]
[Source "John Saunders"]
[SourceDate "2025.02.25"]
[SourceVersion "1"]
[SourceVersionDate "2025.02.25"]
[SourceQuality "1"]

1. d4 {3} Nf6 {9} 2. Nf3 {7} g6 {12} 3. Bg5 {8} Bg7 {9} 4. Nbd2 {7} O-O {54} 5. c3 {21} h6 {33} 6. Bh4 {37} d6 {15} 7. e4 {105} c5 {11} 8. Bc4 {208} cxd4 {22} 9. Nxd4 {107} Nxe4 {91} 10. Nxe4 {162} d5 {7} 11. Bd3 {76} dxe4 {8} 12. Bxe4 {4} Qb6 {285} 13. O-O {537} f5 {434} 14. Bc2 {402} g5 {41} 15. Bg3 {51} e5 {158} 16. Bxe5 {228} Bxe5 {20} 17. Re1 {7} Bxd4 {528} 18. cxd4 {8} Qf6 {60} 19. Rc1 {213} Nc6 {134} 20. Bb3+ {66} Kh8 {167} 21. d5 {40} Ne5 {19} 22. Rc7 {298} f4 {767} 23. d6 {155} Bf5 {77} 24. Bc2 {184} Nf7 {407} 25. Bxf5 {275} Qxf5 {2} 26. Rxb7 {133} f3 {330} 27. gxf3 {134} Qf6 {41} 28. Ree7 {161} Rad8 {19} 29. Qb3 {79} Kg7 {295} 30. Rxa7 {161} Rxd6 {20} 31. a4 {100} Qf5 {146} 32. a5 {185} Rf6 {161} 33. a6 {182} g4 {62} 34. f4 {136} Qxf4 {3} 35. Qe3 0-1

[Event "Blackpool Open"]
[Site "Blackpool"]
[Date "2025.02.09"]
[Round "5.2"]
[White "Arkell, Keith C"]
[Black "Vaidyanathan, Adithya"]
[Result "1/2-1/2"]
[WhiteElo "2329"]
[BlackElo "1872"]
[PlyCount "136"]
[EventDate "2025.02.07"]
[EventRounds "5"]
[EventCountry "ENG"]
[SourceTitle "BritBase"]
[Source "John Saunders"]
[SourceDate "2025.02.25"]
[SourceVersion "1"]
[SourceVersionDate "2025.02.25"]
[SourceQuality "1"]

1. d4 {55} Nf6 {5} 2. Nf3 {15} g6 {6} 3. c4 {5} c5 {5} 4. Nc3 {4} cxd4 {5} 5. Nxd4 {2} Nc6 {9} 6. g3 {59} Bg7 {6} 7. Bg2 {3} O-O {8} 8. O-O {14} Qa5 {6} 9. Nb3 {163} Qh5 {7} 10. e4 {28} d6 {56} 11. Qxh5 {19} Nxh5 {2} 12. c5 {427} dxc5 {341} 13. Nxc5 {6} Rb8 {81} 14. Rd1 {208} b6 {713} 15. Nd7 {143} Bxd7 {6} 16. Rxd7 {4} Rfd8 {69} 17. Rxd8+ {22} Rxd8 {2} 18. Be3 {38} Nb4 {82} 19. Rc1 {111} Rc8 {949} 20. Bf1 {199} e6 {1593} 21. a3 {234} Nc6 {21} 22. Ba6 {1054} Rd8 {22} 23. b4 {260} Nd4 {416} 24. Kg2 {669} Nb3 {680} 25. Rc2 {48} Na1 {119} 26. Rd2 {119} Rxd2 {19} 27. Bxd2 {2} Nb3 {46} 28. Be1 {23} Nd4 {7} 29. Nb5 {86} Nxb5 {29} 30. Bxb5 {2} Bd4 {132} 31. Kf3 {91} Kf8 {139} 32. Ke2 {10} Ke7 {96} 33. Kd3 {33} e5 {14} 34. Bc4 {265} Nf6 {69} 35. f4 {256} Ng4 {279} 36. fxe5 {22} Bb2 {200} 37. Kc2 {279} Nxe5 {115} 38. Kxb2 {178} Nxc4+ {4} 39. Kb3 {8} b5 {49} 40. a4 {12} a6 {7} 41. Kc3 {71} Kd6 {27} 42. axb5 {30} axb5 {8} 43. Kd3 {75} Ne5+ {43} 44. Ke2 {2} Ng4 {213} 45. h3 {12} Ne5 {7} 46. Bc3 {27} Ke6 {165} 47. Ke3 {10} Nc6 {7} 48. Kf4 {15} f6 {36} 49. g4 {44} Ne7 {42} 50. h4 {149} h5 {131} 51. gxh5 {33} gxh5 {2} 52. Be1 {42} Ng6+ {11} 53. Ke3 {9} Ne5 {3} 54. Ke2 {33} Ng6 {21} 55. Bg3 {27} Ne5 {2} 56. Kd2 {134} Nc6 {25} 57. Kc3 {10} Ke7 {13} 58. Be1 {180} Kd7 {12} 59. Kd3 {20} Ne5+ {4} 60. Ke2 {109} Ke7 {4} 61. Bg3 {24} Kd7 {5} 62. Ke3 {59} Nc6 {5} 63. Be1 {13} Kd6 {14} 64. Bc3 {25} Ke6 {5} 65. Kf4 {10} Ne7 {13} 66. Be1 {40} Ng6+ {3} 67. Ke3 {2} Ne5 {1} 68. Bc3 {59} Nc6 {6} 1/2-1/2

[Event "Blackpool Open"]
[Site "Blackpool"]
[Date "2025.02.09"]
[Round "5.3"]
[White "Boswell, Jacob Connor"]
[Black "Ashworth, Michael J"]
[Result "1-0"]
[WhiteElo "2214"]
[BlackElo "2001"]
[PlyCount "107"]
[EventDate "2025.02.07"]
[EventRounds "5"]
[EventCountry "ENG"]
[SourceTitle "BritBase"]
[Source "John Saunders"]
[SourceDate "2025.02.25"]
[SourceVersion "1"]
[SourceVersionDate "2025.02.25"]
[SourceQuality "1"]

1. e4 {522} c5 {12} 2. Nf3 {5} g6 {15} 3. d4 {10} cxd4 {10} 4. Qxd4 {7} Nf6 {8} 5. Nc3 {6} Nc6 {31} 6. Qa4 {7} d6 {17} 7. e5 {8} dxe5 {13} 8. Nxe5 {13} Bd7 {54} 9. Nxd7 {8} Qxd7 {15} 10. Be3 {11} Bg7 {110} 11. Rd1 {7} Qg4 {90} 12. Qb3 {242} O-O {679} 13. h3 {7} Qb4 {79} 14. Be2 {277} Qxb3 {1393} 15. axb3 {93} Rfd8 {23} 16. Bf3 {153} Nd7 {1007} 17. g3 {400} Rac8 {1040} 18. O-O {351} b6 {373} 19. Bg4 {1326} f5 {597} 20. Be2 {171} Nc5 {197} 21. Bxc5 {818} bxc5 {9} 22. Na4 {31} Nd4 {196} 23. Ba6 {93} Rc6 {198} 24. Bc4+ {38} Kf8 {40} 25. c3 {64} Nf3+ {78} 26. Kg2 {1} Nd2 {24} 27. Rfe1 {94} Rdd6 {25} 28. Be6 {359} Ne4 {112} 29. Bd5 {134} Rc8 {158} 30. Bxe4 {27} fxe4 {6} 31. Rxd6 {223} exd6 {1} 32. Rxe4 Kf7 {116} 33. Re1 {506} Rb8 {23} 34. Rd1 {164} Ke6 {10} 35. b4 {47} cxb4 {11} 36. c4 {18} Rc8 {59} 37. b3 {6} Rc6 {91} 38. Rd5 {20} a6 {10} 39. f4 {28} Bf6 {26} 40. Kf3 {2} Bg7 {22} 41. g4 {2} Bf6 {18} 42. Ke4 {35} Bg7 {5} 43. f5+ {110} gxf5+ {26} 44. gxf5+ {18} Ke7 {8} 45. Rd3 {81} Be5 {17} 46. Rd2 {55} Kf6 {10} 47. Rg2 {12} Kf7 {7} 48. Kd5 {38} Rc8 {3} 49. c5 {77} Rd8 {26} 50. Rc2 {51} Bf4 {7} 51. c6 {13} Be3 {14} 52. c7 {68} Rc8 {4} 53. Kc6 {20} Ke8 {16} 54. Re2 {6} 1-0

[Event "Blackpool Open"]
[Site "Blackpool"]
[Date "2025.02.09"]
[Round "5.4"]
[White "Dong, Bao Nghia"]
[Black "McAtear, Jacob B"]
[Result "1-0"]
[WhiteElo "2221"]
[BlackElo "1892"]
[PlyCount "67"]
[EventDate "2025.02.07"]
[EventRounds "5"]
[EventCountry "ENG"]
[SourceTitle "BritBase"]
[Source "John Saunders"]
[SourceDate "2025.02.25"]
[SourceVersion "1"]
[SourceVersionDate "2025.02.25"]
[SourceQuality "1"]

1. e4 {67} e5 {5} 2. Nf3 {4} Nc6 {4} 3. Bb5 {7} a6 {7} 4. Ba4 {4} Nf6 {8} 5. O-O {7} Be7 {16} 6. c3 {83} O-O {96} 7. d4 {79} exd4 {201} 8. e5 {98} Ne4 {450} 9. Nxd4 {379} Nc5 {448} 10. Bc2 {78} Nxe5 {278} 11. Qh5 {5} Ng6 {745} 12. f4 {7} f6 {574} 13. b4 {29} f5 {656} 14. bxc5 {114} Bxc5 {30} 15. Nd2 {48} Qf6 {434} 16. Bb3+ {44} Kh8 {73} 17. N2f3 {24} Ba7 {416} 18. Kh1 {306} d6 {295} 19. Bd2 {418} c5 {470} 20. Ng5 {212} h6 {17} 21. Nde6 {21} Bxe6 {51} 22. Bxe6 {60} Rad8 {383} 23. Rae1 {272} d5 {402} 24. Bf7 {77} Rd6 {139} 25. Re8 {57} Rxe8 {156} 26. Bxe8 {14} Kg8 {28} 27. Bf7+ {4} Kh8 {18} 28. Re1 {18} Nf8 {46} 29. Re8 {232} Rd8 {16} 30. Rxd8 {132} Qxd8 {8} 31. Be6 {64} Qb6 {245} 32. Nf7+ {21} Kh7 {24} 33. Qxf5+ {7} Ng6 {70} 34. Ne5 {33} 1-0

[Event "Blackpool Open"]
[Site "Blackpool"]
[Date "2025.02.09"]
[Round "5.6"]
[White "Williamson, Roger G"]
[Black "Kee, Steve"]
[Result "1/2-1/2"]
[WhiteElo "2186"]
[BlackElo "1973"]
[PlyCount "29"]
[EventDate "2025.02.07"]
[EventRounds "5"]
[EventCountry "ENG"]
[SourceTitle "BritBase"]
[Source "John Saunders"]
[SourceDate "2025.02.25"]
[SourceVersion "1"]
[SourceVersionDate "2025.02.25"]
[SourceQuality "1"]

1. c4 {79} f5 {134} 2. Nf3 {11} Nf6 {10} 3. g3 {5} g6 {6} 4. Bg2 {5} Bg7 {4} 5. Nc3 {72} O-O {14} 6. O-O {6} d6 {12} 7. d3 {5} e5 {51} 8. Rb1 {6} Nc6 {78} 9. Bd2 {51} h6 {31} 10. b4 {5} Qe7 {52} 11. b5 {32} Nd8 {15} 12. Ne1 {61} g5 {147} 13. Nc2 {108} f4 {169} 14. Nb4 {12} Qf7 {167} 15. Nbd5 {1108} 1/2-1/2

[Event "Blackpool Open"]
[Site "Blackpool"]
[Date "2025.02.09"]
[Round "5.7"]
[White "Baid, Arav"]
[Black "Mulay, Partha"]
[Result "1/2-1/2"]
[WhiteElo "1817"]
[BlackElo "1895"]
[PlyCount "84"]
[EventDate "2025.02.07"]
[EventRounds "5"]
[EventCountry "ENG"]
[SourceTitle "BritBase"]
[Source "John Saunders"]
[SourceDate "2025.02.25"]
[SourceVersion "1"]
[SourceVersionDate "2025.02.25"]
[SourceQuality "1"]

1. e4 {9} c5 {3} 2. Nf3 {12} Nc6 {3} 3. d4 {91} cxd4 {5} 4. Nxd4 {5} e5 {6} 5. Nb5 {113} d6 {8} 6. N1c3 {364} a6 {42} 7. Na3 {4} Be7 {9} 8. Nc4 {174} b5 {12} 9. Ne3 {14} Nf6 {16} 10. Ned5 {518} O-O {134} 11. Nxf6+ {337} Bxf6 {229} 12. Nd5 {34} Bg5 {66} 13. Bd3 {455} Bxc1 {119} 14. Qxc1 {22} Be6 {16} 15. Ne3 {537} Qb6 {346} 16. O-O {61} Rfd8 {47} 17. Qd1 {445} Qb7 {779} 18. Qe2 {479} Rab8 {253} 19. Rfd1 {211} Ne7 {376} 20. f3 {459} Ng6 {212} 21. g3 {5} Ne7 {253} 22. Kg2 {161} Bd7 {1299} 23. Rd2 {266} Be6 {426} 24. Rad1 {159} Rd7 {90} 25. c4 {261} Nc6 {70} 26. b3 {61} Nd4 {270} 27. Qf1 {1} Qb6 {175} 28. Nc2 {139} Nxc2 {570} 29. Rxc2 {125} Rc8 {222} 30. Rdc1 {278} Rdc7 {28} 31. cxb5 {82} Rxc2+ {10} 32. Rxc2 {4} Rxc2+ {11} 33. Bxc2 {5} axb5 {35} 34. a4 {372} bxa4 {352} 35. bxa4 {5} Qb2 {10} 36. Qd3 {92} Ba2 {34} 37. Kh3 {165} Be6+ {7} 38. Kg2 Ba2 {16} 39. Kg1 {116} Qc1+ {45} 40. Kg2 {2} Qb2 {7} 41. Kg1 {123} Qc1+ {3} 42. Kg2 {79} Qd1 {29} 1/2-1/2

[Event "Blackpool Open"]
[Site "Blackpool"]
[Date "2025.02.09"]
[Round "5.8"]
[White "Leah, Tom"]
[Black "Wolstencroft, Darryl"]
[Result "0-1"]
[WhiteElo "2032"]
[BlackElo "2196"]
[PlyCount "58"]
[EventDate "2025.02.07"]
[EventRounds "5"]
[EventCountry "ENG"]
[SourceTitle "BritBase"]
[Source "John Saunders"]
[SourceDate "2025.02.25"]
[SourceVersion "1"]
[SourceVersionDate "2025.02.25"]
[SourceQuality "1"]

1. e4 {324} e6 2. d4 {22} d5 {3} 3. Nd2 {10} Nf6 {4} 4. e5 {11} Nfd7 {4} 5. f4 {11} c5 {4} 6. c3 {5} Nc6 {3} 7. Ndf3 {14} Qb6 {21} 8. a3 {22} cxd4 {14} 9. cxd4 {8} f6 {3} 10. Bd3 {276} Be7 {74} 11. Ne2 {236} O-O {171} 12. h4 {926} Kh8 {528} 13. Bc2 {237} fxe5 {100} 14. fxe5 {9} Ndxe5 {288} 15. Nxe5 {457} Nxe5 {99} 16. dxe5 {19} Qf2+ {39} 17. Kd2 {11} Bc5 {243} 18. Qg1 {447} Qxg1 {205} 19. Rxg1 {315} Bxg1 {52} 20. Nxg1 {6} Rf2+ {167} 21. Ne2 {61} Rxg2 {36} 22. b4 {95} Bd7 {48} 23. Bb2 {49} Rf8 {53} 24. Bd4 {87} a6 {228} 25. Rh1 {738} Rf3 {208} 26. Be3 {592} Bb5 {147} 27. Re1 {180} d4 {134} 28. Bxd4 {44} Rxa3 {35} 29. Kd1 {133} Ra2 {164} 0-1

[Event "Blackpool Open"]
[Site "Blackpool"]
[Date "2025.02.09"]
[Round "5.9"]
[White "Milson, Samuel A"]
[Black "Doran, Chris"]
[Result "1-0"]
[WhiteElo "2052"]
[BlackElo "1956"]
[PlyCount "93"]
[EventDate "2025.02.07"]
[EventRounds "5"]
[EventCountry "ENG"]
[SourceTitle "BritBase"]
[Source "John Saunders"]
[SourceDate "2025.02.25"]
[SourceVersion "1"]
[SourceVersionDate "2025.02.25"]
[SourceQuality "1"]

1. e4 {2} c5 {7} 2. Nc3 {9} Nc6 {24} 3. Bb5 {8} Nd4 {64} 4. Nf3 {9} g6 {174} 5. O-O {33} Bg7 {157} 6. Re1 {39} Nxb5 {82} 7. Nxb5 {11} a6 {5} 8. Nc3 {26} d6 {18} 9. d3 {227} Nf6 {30} 10. e5 {114} dxe5 {314} 11. Nxe5 {114} Be6 {51} 12. Qf3 {239} Nd5 {586} 13. Bd2 {328} O-O {120} 14. h4 {98} Rc8 {523} 15. h5 {198} b5 {204} 16. Qg3 {316} Qd6 {364} 17. hxg6 {142} hxg6 {115} 18. Nxg6 {254} Qxg3 {255} 19. fxg3 {6} fxg6 {307} 20. Rxe6 {42} Bd4+ {169} 21. Kh2 {49} Kf7 {1112} 22. Re4 {50} Rh8+ {55} 23. Rh4 {10} Nf6 {528} 24. Rf1 {487} Kg7 {31} 25. Kh3 {193} b4 {176} 26. Nd1 {126} Nd5 {10} 27. c3 {98} Bf6 {101} 28. Rxh8 {21} Rxh8+ {5} 29. Kg4 {7} Rd8 {282} 30. Re1 {412} Kf7 {150} 31. Kf3 {470} a5 {136} 32. Re4 {353} Nb6 {90} 33. Ke2 {26} Rd7 {234} 34. Be3 {231} Rc7 {84} 35. Kd2 {56} Na4 {165} 36. Kc2 {48} Nb6 {1} 37. Bf2 {76} Rc6 {19} 38. Ne3 {51} a4 {74} 39. Nc4 {69} Nd5 {7} 40. Ne5+ {28} Bxe5 {3} 41. Rxe5 {9} e6 {2} 42. c4 {17} b3+ {56} 43. axb3 {31} axb3+ {24} 44. Kd2 {65} Nb6 {110} 45. Rxc5 {18} Rd6 {4} 46. Rc7+ {23} Kf6 {11} 47. c5 {13} 1-0

[Event "Blackpool Open"]
[Site "Blackpool"]
[Date "2025.02.09"]
[Round "5.10"]
[White "Mitchell, Martin"]
[Black "Pick, Freddie"]
[Result "1-0"]
[WhiteElo "2143"]
[BlackElo "1994"]
[PlyCount "81"]
[EventDate "2025.02.07"]
[EventRounds "5"]
[EventCountry "ENG"]
[SourceTitle "BritBase"]
[Source "John Saunders"]
[SourceDate "2025.02.25"]
[SourceVersion "1"]
[SourceVersionDate "2025.02.25"]
[SourceQuality "1"]

1. d4 {2} Nf6 {7} 2. c4 {59} g6 {4} 3. Nc3 {17} Bg7 {3} 4. e4 {48} d6 {4} 5. Be2 {10} O-O {5} 6. Be3 {22} c5 {6} 7. d5 {68} e6 {15} 8. Nf3 {258} exd5 {17} 9. cxd5 {137} Re8 {190} 10. Nd2 {59} a6 {151} 11. a4 {305} Nbd7 {124} 12. O-O {13} Rb8 {165} 13. h3 {295} b6 {291} 14. Qc2 {396} Bb7 {782} 15. Bf4 {866} Nxd5 {676} 16. exd5 {431} Bxc3 {42} 17. Qxc3 {430} Rxe2 {33} 18. Qf3 {513} Re8 {148} 19. Nc4 {757} Ne5 {201} 20. Bxe5 {183} dxe5 {2} 21. Ne3 {44} b5 {507} 22. Qe2 {308} Qb6 {315} 23. Rfd1 {371} Rbd8 {52} 24. Qd2 {79} Rd6 {383} 25. b4 {255} Red8 {327} 26. bxc5 {57} Qxc5 {20} 27. Rac1 Qb6 {140} 28. a5 {66} Qa7 {192} 29. Rc7 {126} R8d7 {284} 30. Qc3 {168} f6 {48} 31. Ng4 {138} Kf7 {141} 32. Rd3 {133} Qb8 {356} 33. Rxd7+ {12} Rxd7 {5} 34. Rf3 {30} Rxd5 {60} 35. Rxf6+ {42} Kg8 {297} 36. Nh6+ {35} Kh8 {108} 37. Qb4 {90} Rd1+ {105} 38. Kh2 {2} e4+ {32} 39. g3 {28} Kg7 {113} 40. Qe7+ {37} Kxh6 {62} 41. Rf7 {4} 1-0

[Event "Blackpool Open"]
[Site "Blackpool"]
[Date "2025.02.09"]
[Round "5.11"]
[White "Surtees, Mike J"]
[Black "Harkness, Bryan D"]
[Result "0-1"]
[WhiteElo "2083"]
[BlackElo "1952"]
[PlyCount "94"]
[EventDate "2025.02.07"]
[EventRounds "5"]
[EventCountry "ENG"]
[SourceTitle "BritBase"]
[Source "John Saunders"]
[SourceDate "2025.02.25"]
[SourceVersion "1"]
[SourceVersionDate "2025.02.25"]
[SourceQuality "1"]

1. e4 {733} c5 {14} 2. d3 {6} Nc6 {88} 3. f4 {72} d5 {79} 4. c3 {76} dxe4 {90} 5. dxe4 {6} Qxd1+ {8} 6. Kxd1 {9} Nf6 {19} 7. Nd2 {28} Ng4 {82} 8. Ke2 {32} b6 {213} 9. Nh3 {986} Ba6+ {125} 10. Kf3 {63} Bxf1 {13} 11. Nxf1 {10} Nf6 {30} 12. e5 {426} Nd5 {22} 13. Ne3 {161} Rd8 {158} 14. Rd1 {132} Nc7 {19} 15. Rxd8+ {37} Nxd8 {13} 16. Nf2 {128} f6 {145} 17. a4 {223} fxe5 {74} 18. fxe5 {153} Nc6 {31} 19. Ke4 {117} g6 {22} 20. Nd5 {566} Ne6 {22} 21. c4 {1068} Bg7 {45} 22. Nd3 {27} Rf8 {149} 23. Bd2 {425} Ned4 {143} 24. Bc3 {157} e6 {684} 25. Ne3 {198} a5 {90} 26. Bxd4 {275} Nxd4 {27} 27. h4 {149} Ne2 {191} 28. Ng4 {311} h5 {107} 29. Nf6+ {9} Bxf6 {19} 30. exf6 {5} Rxf6 {12} 31. Ne5 {153} Ng3+ {361} 32. Kd3 {6} Rf2 {59} 33. b3 {45} Rxg2 {33} 34. Nxg6 {4} Nf5 {20} 35. Nf4 {19} Rg3+ {26} 36. Kd2 {19} Nxh4 {64} 37. Kc2 {24} Re3 {64} 38. Nxh5 {20} Nf5 {46} 39. Rg1 {36} Nd4+ {17} 40. Kd2 {1} Rxb3 {16} 41. Rg7 {10} Nf3+ {197} 42. Ke2 {24} Ne5 {41} 43. Nf6+ {10} Kd8 {7} 44. Rg8+ {22} Ke7 {36} 45. Ne4 {2} Nxc4 {27} 46. Rg7+ {2} Kf8 {30} 47. Rb7 {3} Re3+ {9} 0-1